[Event "19th EUR-ch"]
[Site "Batumi GEO"]
[Date "2018.03.27"]
[Round "10.103"]
[White "Sargsian, Anna M."]
[Black "Schnider, Gert"]
[Result "1-0"]
[WhiteElo "2188"]
[BlackElo "2414"]
[EventDate "2018.03.17"]
[PlyCount "145"]

1.d4 Nf6 2.Nf3 d5 3.c4 e6 4.Nc3 c6 5.e3 Nbd7 6.Qc2 Bd6 7.b3 O-O 8.Be2 b6 
9.O-O Bb7 10.Bb2 Qe7 11.e4 dxe4 12.Nxe4 Nxe4 13.Qxe4 f5 14.Qc2 c5 15.Rad1 
Rad8 16.Rfe1 Nf6 17.a3 Be4 18.Qc1 Qc7 19.h3 Rde8 20.Bc3 h6 21.Qb2 Ba8 22.
dxc5 bxc5 23.Be5 Bxe5 24.Qxe5 Qc8 25.Rd3 Be4 26.Rd2 Bc6 27.b4 Bxf3 28.gxf3
Nd7 29.Qd6 Rf7 30.Red1 Kh7 31.f4 Nf6 32.Bf3 cxb4 33.Qxb4 Rc7 34.Rd4 Rc5 
35.Qa4 Qc7 36.Kg2 Ra5 37.Qb4 Rc5 38.Qa4 Rb8 39.Re1 Rb6 40.Re2 a5 41.Qc2 
Rd6 42.Red2 Ne8 43.h4 Rxd4 44.Rxd4 Nd6 45.Qd3 Ne8 46.h5 Nf6 47.Qc2 Qf7 48.
Qe2 Ng4 49.Bxg4 fxg4 50.Re4 Rxh5 51.Qxg4 Rf5 52.Qe2 Rf6 53.Kf1 Rg6 54.Qd3 
Qf5 55.Ke2 Qf6 56.c5 Qb2+ 57.Kf3 Qc1 58.Rc4 Qh1+ 59.Ke2 Qc6 60.Rc1 e5 61.
fxe5 Kh8 62.Rb1 Qe8 63.Qd5 Re6 64.f4 g5 65.Rb8 Qxb8 66.Qxe6 Qb5+ 67.Kf3 
Qf1+ 68.Kg4 Qxf4+ 69.Kh5 Qh4+ 70.Kg6 Qe4+ 71.Qf5 Qc6+ 72.Qf6+ Qxf6+ 73.
exf6 1-0

[Event "19th EUR-ch"]
[Site "Batumi GEO"]
[Date "2018.03.27"]
[Round "10.104"]
[White "Danielian, Elina"]
[Black "Eminov, Orkhan"]
[Result "1-0"]
[WhiteElo "2413"]
[BlackElo "2295"]
[EventDate "2018.03.17"]
[PlyCount "85"]

1.d4 Nf6 2.Nf3 g6 3.Bg5 Bg7 4.Nbd2 c5 5.Bxf6 Bxf6 6.Ne4 Qb6 7.Nxf6+ Qxf6 
8.c3 d6 9.e4 O-O 10.h3 Nc6 11.Be2 Qf4 12.Bd3 cxd4 13.cxd4 d5 14.Qd2 Qf6 
15.e5 Qg7 16.O-O Bf5 17.Bxf5 gxf5 18.Rac1 Kh8 19.Kh2 Rg8 20.g3 e6 21.b4 a6
22.a4 Qg6 23.b5 axb5 24.axb5 Na5 25.Rc7 Nc4 26.Qf4 Ra2 27.Rxb7 Re2 28.Qh4 
f4 29.Qxf4 Ne3 30.Kg1 Nf5 31.Nh4 Qh5 32.Nxf5 exf5 33.Kg2 Re4 34.Qf3 Qg6 
35.Rc1 f4 36.Rc6 Qg5 37.g4 h5 38.Rbb6 hxg4 39.hxg4 Rxd4 40.Rh6+ Kg7 41.Rh5
Qe7 42.Qh3 Qc7 43.Rg5+ 1-0

[Event "19th EUR-ch"]
[Site "Batumi GEO"]
[Date "2018.03.27"]
[Round "10.105"]
[White "Utiatskaja, Irina"]
[Black "Can, Isik"]
[Result "0-1"]
[WhiteElo "2165"]
[BlackElo "2413"]
[EventDate "2018.03.17"]
[PlyCount "62"]

1.d4 d5 2.c4 c6 3.Nc3 Nf6 4.cxd5 cxd5 5.f3 Nc6 6.e4 dxe4 7.d5 Ne5 8.fxe4 
g6 9.Nf3 Nfd7 10.Bb5 Nxf3+ 11.gxf3 Bg7 12.Be3 O-O 13.Bxd7 Bxd7 14.Bd4 e5 
15.Be3 Qh4+ 16.Kd2 f5 17.Qe2 fxe4 18.fxe4 Bg4 19.Qe1 Qh5 20.h3 Bxh3 21.Rh2
Rf3 22.Qh1 Raf8 23.Re1 Qg4 24.Rg1 Qh4 25.Nd1 Bh6 26.Re2 Qxe4 27.Bxh6 Rd3+ 
28.Ke1 Qh4+ 29.Nf2 Rxf2 30.Rxf2 Qxh6 31.Re2 Qh4+ 0-1

[Event "19th EUR-ch"]
[Site "Batumi GEO"]
[Date "2018.03.27"]
[Round "10.106"]
[White "Bagaturov, Giorgi"]
[Black "Tifferet, Shaked"]
[Result "0-1"]
[WhiteElo "2410"]
[BlackElo "2274"]
[EventDate "2018.03.17"]
[PlyCount "42"]

1.d4 Nf6 2.c4 g6 3.Nf3 Bg7 4.g3 c6 5.Bg2 d5 6.Qb3 dxc4 7.Qxc4 O-O 8.O-O 
Bf5 9.Nc3 Nbd7 10.e3 Ne4 11.Nh4 Nb6 12.Qe2 Nxc3 13.bxc3 Be6 14.Rd1 f5 15.
e4 fxe4 16.Bxe4 Qd7 17.Re1 Bd5 18.Nf3 Rae8 19.Bf4 Nc4 20.Bd3 Rxf4 21.Bxc4 
Rxf3 0-1

[Event "19th EUR-ch"]
[Site "Batumi GEO"]
[Date "2018.03.27"]
[Round "10.107"]
[White "Ozen, Deniz"]
[Black "Garayev, Kanan"]
[Result "1-0"]
[WhiteElo "2407"]
[BlackElo "2252"]
[EventDate "2018.03.17"]
[PlyCount "97"]

1.e4 c5 2.Nf3 Nc6 3.Bb5 g6 4.Bxc6 dxc6 5.d3 Bg7 6.O-O e5 7.Be3 b6 8.a3 a5 
9.Nbd2 Ne7 10.Nc4 f6 11.b4 axb4 12.axb4 Rxa1 13.Qxa1 b5 14.Ncd2 cxb4 15.
Bc5 Be6 16.Qb2 O-O 17.Ra1 Re8 18.Qxb4 Nc8 19.Ra6 Qd7 20.Nb3 Bxb3 21.Qxb3+ 
Kh8 22.Qa3 Kg8 23.h3 Qb7 24.Qa2+ Kh8 25.Nd2 Bf8 26.Nb3 Bxc5 27.Nxc5 Qc7 
28.Qa5 Qxa5 29.Rxa5 Ne7 30.Kf1 Kg7 31.Ke1 Kf7 32.Kd2 g5 33.Ra1 h5 34.Ra7 
Rg8 35.g3 h4 36.g4 Rd8 37.Kc3 Re8 38.Kb4 Rb8 39.Na6 Rd8 40.Kc5 Ke6 41.Nb4 
Rc8 42.f3 Re8 43.c3 Rg8 44.d4 Rc8 45.Nc2 Rb8 46.d5+ cxd5 47.exd5+ Nxd5 48.
Ra6+ Ke7 49.Kxd5 1-0

[Event "19th EUR-ch"]
[Site "Batumi GEO"]
[Date "2018.03.27"]
[Round "10.108"]
[White "Kalashian, David"]
[Black "Suleymanli, Aydin"]
[Result "0-1"]
[WhiteElo "2399"]
[BlackElo "2210"]
[EventDate "2018.03.17"]
[PlyCount "68"]

1.c4 e5 2.Nc3 Bb4 3.g3 Bxc3 4.bxc3 d6 5.Bg2 Ne7 6.d3 O-O 7.e3 c5 8.Ne2 
Nbc6 9.O-O Be6 10.h3 Qd7 11.Kh2 Rad8 12.f4 f5 13.Qa4 b6 14.Rd1 d5 15.fxe5 
Nxe5 16.Qxd7 Rxd7 17.d4 Nxc4 18.dxc5 bxc5 19.Nf4 Bf7 20.Nd3 Rc7 21.Rb1 
Rfc8 22.Nf4 Rd7 23.Bf1 Nd6 24.Ba6 Rcd8 25.Nd3 Ne4 26.Ba3 Nxc3 27.Nxc5 Nxb1
28.Rxb1 Rc7 29.Nb7 Ra8 30.Bc5 Rac8 31.Rb5 Be8 32.Ra5 Nc6 33.Nd6 Nxa5 34.
Bxc8 Rxc5 0-1

[Event "19th EUR-ch"]
[Site "Batumi GEO"]
[Date "2018.03.27"]
[Round "10.109"]
[White "Eynullayev, Atilla"]
[Black "Bosman, Michiel"]
[Result "1-0"]
[WhiteElo "2147"]
[BlackElo "2398"]
[EventDate "2018.03.17"]
[PlyCount "95"]

1.d4 Nf6 2.c4 e6 3.g3 Bb4+ 4.Nd2 d5 5.Bg2 O-O 6.Nf3 b6 7.O-O Bb7 8.Ne5 Nc6
9.Qa4 Bd6 10.cxd5 exd5 11.Ndf3 Qe8 12.Nxc6 Bxc6 13.Qc2 Bb5 14.Re1 Ne4 15.
Bf4 Qe6 16.Bxd6 cxd6 17.Nd2 Rac8 18.Qb3 Bc4 19.Qe3 Nf6 20.Qf4 Bb5 21.e4 
dxe4 22.Nxe4 Nxe4 23.Bxe4 Qc4 24.Rec1 Qe6 25.Rxc8 Qxc8 26.Qxd6 Rd8 27.Qf4 
g6 28.Rc1 Qe6 29.d5 Qd6 30.Qg4 Kg7 31.Qf3 Rd7 32.Qc3+ f6 33.Bf3 Re7 34.Kg2
Bd7 35.Re1 Rxe1 36.Qxe1 Kf7 37.h4 a5 38.Qe3 Kg7 39.Qd4 h5 40.Be4 Qe5 41.
Qxe5 fxe5 42.f4 exf4 43.gxf4 Kf6 44.Kf3 Be8 45.Ke3 Ke7 46.f5 gxf5 47.Bxf5 
Kd6 48.Ke4 1-0

[Event "19th EUR-ch"]
[Site "Batumi GEO"]
[Date "2018.03.27"]
[Round "10.110"]
[White "Paramzina, Anastasya"]
[Black "Miron, Lucian-Costin"]
[Result "1/2-1/2"]
[WhiteElo "2281"]
[BlackElo "2471"]
[EventDate "2018.03.17"]
[PlyCount "40"]

1.e4 e5 2.Nf3 Nc6 3.Bc4 Bc5 4.d3 Nf6 5.O-O O-O 6.Re1 Ng4 7.Re2 Kh8 8.h3 f5
9.Bg5 Nf6 10.Nc3 d6 11.Nd5 fxe4 12.dxe4 Be6 13.Nxf6 Bxc4 14.Nxh7 Bxe2 15.
Qxe2 Rxf3 16.Bxd8 Rxf2 17.Qxf2 Bxf2+ 18.Kxf2 Rxd8 19.Ng5 Rf8+ 20.Ke3 Rf6 
1/2-1/2

[Event "19th EUR-ch"]
[Site "Batumi GEO"]
[Date "2018.03.27"]
[Round "10.111"]
[White "Hakobyan, Hovhannes H."]
[Black "Bernotas, Arturs"]
[Result "0-1"]
[WhiteElo "2280"]
[BlackElo "2436"]
[EventDate "2018.03.17"]
[PlyCount "110"]

1.e4 c6 2.d4 d5 3.exd5 cxd5 4.c4 Nf6 5.Nc3 g6 6.Qb3 Bg7 7.cxd5 O-O 8.Nf3 
Nbd7 9.Bg5 Nb6 10.Bxf6 Bxf6 11.Bb5 e6 12.d6 Bg7 13.Qa3 a6 14.Be2 Bd7 15.
O-O Bc6 16.Rfe1 Nc8 17.Ne5 Qxd6 18.Qxd6 Nxd6 19.Nxc6 bxc6 20.Bf3 Rac8 21.
Ne2 Nf5 22.g4 Nxd4 23.Nxd4 Bxd4 24.Rac1 c5 25.Rc2 a5 26.b3 Kg7 27.Kg2 e5 
28.Bd5 f5 29.f3 Rcd8 30.Be6 Rf6 31.Bc4 fxg4 32.fxg4 Rdf8 33.Ree2 Rf1 34.h3
Rg1+ 35.Kh2 Rd1 36.Rcd2 Rxd2 37.Rxd2 e4 38.Re2 e3 39.Kg3 h5 40.gxh5 gxh5 
41.Bd5 Rf5 42.Be6 Rf6 43.Bd7 Kf7 44.Kh4 c4 45.Kg3 c3 46.Kg2 Ke7 47.Bb5 h4 
48.Bd3 Kd6 49.a3 Ke5 50.b4 axb4 51.axb4 Bb6 52.Bc2 Kd4 53.Bb1 Kc4 54.Bc2 
Kxb4 55.Bd3 Rf2+ 0-1

[Event "19th EUR-ch"]
[Site "Batumi GEO"]
[Date "2018.03.27"]
[Round "10.112"]
[White "Baghdasarian, Vahe"]
[Black "Gokhvat, Peter"]
[Result "1-0"]
[WhiteElo "2431"]
[BlackElo "2248"]
[EventDate "2018.03.17"]
[PlyCount "73"]

1.e4 c5 2.Nf3 Nc6 3.d4 cxd4 4.Nxd4 e5 5.Nb5 d6 6.N1c3 a6 7.Na3 b5 8.Nd5 
Nf6 9.Bg5 Be7 10.Bxf6 Bxf6 11.c3 Bg5 12.Nc2 Rb8 13.Bd3 O-O 14.h4 Bh6 15.g4
Bf4 16.Qf3 a5 17.g5 b4 18.cxb4 axb4 19.b3 Be6 20.Nxf4 exf4 21.Qxf4 f5 22.
Rd1 Ne5 23.Nd4 Qc8 24.O-O Bd7 25.Bb1 Ng6 26.Qxd6 fxe4 27.Bxe4 Nf4 28.f3 
Bb5 29.Nf5 Ne2+ 30.Kf2 Qc3 31.Rfe1 Rbd8 32.Ne7+ Kh8 33.Qxd8 Qc5+ 34.Kg2 
Nf4+ 35.Kh1 Ne6 36.Qd6 Qf2 37.Qh2 1-0

[Event "19th EUR-ch"]
[Site "Batumi GEO"]
[Date "2018.03.27"]
[Round "10.113"]
[White "Mikadze, Miranda"]
[Black "Zarubitski, Viachaslau"]
[Result "0-1"]
[WhiteElo "2268"]
[BlackElo "2425"]
[EventDate "2018.03.17"]
[PlyCount "72"]

1.d4 d5 2.Bf4 Nf6 3.e3 c5 4.Nf3 Nc6 5.Nbd2 e6 6.c3 Bd6 7.Bg3 O-O 8.Bd3 Qe7
9.Ne5 Qc7 10.f4 b6 11.Bh4 Ne8 12.Qh5 g6 13.Qh6 Bb7 14.O-O f6 15.Nxg6 hxg6 
16.Qxg6+ Qg7 17.Qh5 f5 18.Rf3 Qh7 19.Qg5+ Kf7 20.Qg3 Rh8 21.Bg5 Nf6 22.Nf1
Ne4 23.Bxe4 dxe4 24.Rf2 Ba6 25.h3 Rag8 26.Rd2 Rxg5 27.Qxg5 Rg8 28.Qxg8+ 
Kxg8 29.a3 Bd3 30.b4 Qb7 31.Rb2 Qa6 32.g4 cxb4 33.cxb4 Bxb4 34.gxf5 exf5 
35.Rc1 Bxa3 36.Rg2+ Kf7 0-1

[Event "19th EUR-ch"]
[Site "Batumi GEO"]
[Date "2018.03.27"]
[Round "10.114"]
[White "Gadimbayli, Abdulla"]
[Black "Oglaza, Oskar"]
[Result "1-0"]
[WhiteElo "2416"]
[BlackElo "2240"]
[EventDate "2018.03.17"]
[PlyCount "99"]

1.e4 e6 2.d4 d5 3.Nd2 Be7 4.c3 c5 5.dxc5 Nf6 6.exd5 Nxd5 7.Bb5+ Bd7 8.Bc4 
Na6 9.Bxd5 exd5 10.Nb3 Nxc5 11.Ne2 Bb5 12.O-O Nxb3 13.axb3 O-O 14.Be3 b6 
15.Re1 Bc5 16.Nf4 Bc6 17.Qd2 Bd6 18.Ne2 Re8 19.Bf4 Bxf4 20.Qxf4 Re4 21.Qd2
Qd6 22.Nd4 Rxe1+ 23.Rxe1 Re8 24.f3 Rxe1+ 25.Qxe1 g6 26.g3 Bd7 27.Qe3 Kg7 
28.Kf2 f6 29.Ne2 Bc6 30.Nf4 Kf7 31.Nd3 Qe6 32.Nb4 Qxe3+ 33.Kxe3 Bb7 34.Kd4
Ke6 35.Nd3 Kd6 36.Nf4 Bc6 37.h4 Bb7 38.b4 b5 39.h5 g5 40.Ng2 Bc8 41.Ne3 
Be6 42.h6 f5 43.Nd1 Bd7 44.Nf2 g4 45.fxg4 fxg4 46.Nd3 Bf5 47.Nf4 Be4 48.
Nh5 Ke6 49.Kc5 Ke5 50.Nf4 1-0

[Event "19th EUR-ch"]
[Site "Batumi GEO"]
[Date "2018.03.27"]
[Round "10.115"]
[White "Huber, Martin Christian"]
[Black "Stukan, Martin"]
[Result "1-0"]
[WhiteElo "2372"]
[BlackElo "2210"]
[EventDate "2018.03.17"]
[PlyCount "77"]

1.d4 Nf6 2.c4 g6 3.Nc3 d5 4.Nf3 Bg7 5.h4 c6 6.cxd5 cxd5 7.Bf4 Nc6 8.e3 O-O
9.Qb3 Na5 10.Qa3 Nc4 11.Qb4 Qb6 12.Qxb6 Nxb6 13.Bd3 Rd8 14.O-O Nc4 15.b3 
Nd6 16.Rfe1 Bg4 17.Ne5 Bf5 18.Bxf5 Nxf5 19.g4 Nxh4 20.Bg5 Nxg4 21.Bxh4 
Nxe5 22.dxe5 Bxe5 23.Bxe7 Rdc8 24.Nxd5 Bxa1 25.Rxa1 Rc2 26.Bf6 Kf8 27.Nb4 
Rd2 28.Bc3 Rd7 29.Bd4 a5 30.Nd3 Rc8 31.Rd1 Rc2 32.Nc5 Re7 33.a4 f5 34.Nd3 
Rd7 35.Kg2 Ke7 36.Ne5 Rd5 37.Rh1 Ke6 38.Nd3 g5 39.Rh6+ 1-0

[Event "19th EUR-ch"]
[Site "Batumi GEO"]
[Date "2018.03.27"]
[Round "10.116"]
[White "Burnett, Andrew"]
[Black "Lewtak, Damian"]
[Result "0-1"]
[WhiteElo "2183"]
[BlackElo "2370"]
[EventDate "2018.03.17"]
[PlyCount "72"]

1.d4 d5 2.Bf4 Nf6 3.e3 c5 4.c3 Nc6 5.Nf3 Qb6 6.Qb3 c4 7.Qc2 Bf5 8.Qc1 Nh5 
9.Be2 Nxf4 10.exf4 h6 11.O-O e6 12.Re1 Bd6 13.Ne5 h5 14.Nd2 f6 15.Nef3 
Bxf4 16.Nxc4 Bxc1 17.Nxb6 Bxb2 18.Nxa8 Bxa1 19.Rxa1 Kd7 20.Nh4 Be4 21.f3 
Bh7 22.f4 Be4 23.f5 exf5 24.Ng6 Rxa8 25.h4 Ne7 26.Nf4 g6 27.c4 b6 28.cxd5 
Kd6 29.Rc1 Nxd5 30.g3 Nxf4 31.gxf4 g5 32.fxg5 fxg5 33.hxg5 Rg8 34.Kf2 Rxg5
35.Bf3 Bxf3 36.Kxf3 Rg4 0-1

[Event "19th EUR-ch"]
[Site "Batumi GEO"]
[Date "2018.03.27"]
[Round "10.117"]
[White "Smolin, Sergey"]
[Black "Assaubaeva, Bibisara"]
[Result "0-1"]
[WhiteElo "2153"]
[BlackElo "2369"]
[EventDate "2018.03.17"]
[PlyCount "94"]

1.e4 e5 2.Nf3 Nc6 3.Bc4 Bc5 4.O-O Nf6 5.d3 O-O 6.c3 d5 7.exd5 Nxd5 8.b4 
Be7 9.b5 Na5 10.Nxe5 Bf6 11.f4 Nxc3 12.Nxc3 Bxe5 13.fxe5 Qd4+ 14.Kh1 Nxc4 
15.dxc4 Qxc3 16.Bf4 Qxc4 17.a4 c5 18.bxc6 Qxc6 19.Qd6 Qe4 20.Bg3 Bh3 21.
Qd2 Rfd8 22.Qf2 Be6 23.Rfe1 Qb4 24.Reb1 Qc3 25.Rc1 Qa5 26.Qf3 Bd5 27.Qg4 
Qd2 28.Bh4 Be6 29.Qh5 Rd5 30.Re1 Rc8 31.Rad1 Qc2 32.a5 Rxa5 33.Qf3 Ra4 34.
Qxb7 h6 35.Bg3 a5 36.h3 Rb4 37.Qa6 Rb2 38.Qf1 a4 39.Rc1 Qb3 40.Rxc8+ Bxc8 
41.e6 Bxe6 42.Be5 Rd2 43.Rb1 Qc2 44.Rc1 Qe4 45.Re1 Qd5 46.Bc3 Rd3 47.Re5 
Qc4 0-1

[Event "19th EUR-ch"]
[Site "Batumi GEO"]
[Date "2018.03.27"]
[Round "10.118"]
[White "Belous, Mikhail"]
[Black "Nikolaidis, Konstantinos"]
[Result "1-0"]
[WhiteElo "2355"]
[BlackElo "2184"]
[EventDate "2018.03.17"]
[PlyCount "87"]

1.d4 Nf6 2.c4 g6 3.f3 Bg7 4.e4 d6 5.Nc3 O-O 6.Be3 b6 7.Nge2 c5 8.d5 e6 9.
Ng3 exd5 10.cxd5 a6 11.a4 Nbd7 12.Be2 h5 13.O-O Nh7 14.Qd2 h4 15.Nh1 f5 
16.exf5 gxf5 17.Nf2 Ne5 18.Nh3 Ng6 19.Rfe1 Ra7 20.Bd3 Re7 21.Bf2 Ref7 22.
Ne2 Be5 23.Nef4 Nxf4 24.Nxf4 Qf6 25.Rab1 Kh8 26.Ne6 Bxe6 27.dxe6 Rg7 28.f4
Qh6 29.Be3 Bd4 30.Bxd4 cxd4 31.Bxa6 Nf6 32.e7 Rfg8 33.Bb5 Rxg2+ 34.Qxg2 
Rxg2+ 35.Kxg2 Qxf4 36.e8=Q+ Nxe8 37.Rxe8+ Kh7 38.Rf1 h3+ 39.Kh1 Qg4 40.Re2
f4 41.Bd3+ Kh6 42.Ref2 d5 43.Rg1 Qh4 44.Rf3 1-0

[Event "19th EUR-ch"]
[Site "Batumi GEO"]
[Date "2018.03.27"]
[Round "10.119"]
[White "Davtian, Artur"]
[Black "Eynullayev, Altay"]
[Result "1/2-1/2"]
[WhiteElo "2351"]
[BlackElo "2163"]
[EventDate "2018.03.17"]
[PlyCount "66"]

1.d4 Nf6 2.c4 e6 3.Nf3 d5 4.Nc3 c5 5.cxd5 Nxd5 6.e3 cxd4 7.exd4 Nxc3 8.
bxc3 Qc7 9.Bd2 Nd7 10.Bd3 b6 11.O-O Bd6 12.h3 O-O 13.c4 Bb7 14.Re1 h6 15.
Bc3 Rfd8 16.Qe2 Rac8 17.Rac1 Qb8 18.a4 Re8 19.Bb2 Bb4 20.Red1 Qf4 21.Qe3 
Qxe3 22.fxe3 Nf6 23.Bc3 Bxc3 24.Rxc3 Nd5 25.Rcc1 Nxe3 26.Re1 Nf5 27.Bxf5 
exf5 28.Rxe8+ Rxe8 29.c5 bxc5 30.Rxc5 Rd8 31.Rxf5 Bxf3 32.gxf3 Rxd4 33.Ra5
Rd7 1/2-1/2

[Event "19th EUR-ch"]
[Site "Batumi GEO"]
[Date "2018.03.27"]
[Round "10.120"]
[White "Yeritsian, Hayk"]
[Black "Baglan, Esat"]
[Result "1/2-1/2"]
[WhiteElo "2149"]
[BlackElo "2341"]
[EventDate "2018.03.17"]
[PlyCount "69"]

1.d4 Nf6 2.c4 g6 3.Nc3 Bg7 4.e4 d6 5.f4 O-O 6.Nf3 Na6 7.Bd3 e5 8.fxe5 dxe5
9.d5 Nc5 10.Bc2 a5 11.O-O Ne8 12.Bg5 f6 13.Be3 b6 14.a3 Nd6 15.Nd2 f5 16.
b4 axb4 17.axb4 Rxa1 18.Qxa1 Ncxe4 19.Ncxe4 fxe4 20.Bxe4 Nxe4 21.Nxe4 Bf5 
22.Ng3 Bd3 23.Rxf8+ Qxf8 24.c5 bxc5 25.bxc5 h5 26.Qa4 e4 27.Qc6 h4 28.Qxc7
hxg3 29.hxg3 Qf1+ 30.Kh2 Qf5 31.Qd8+ Bf8 32.c6 Qh5+ 33.Kg1 Qd1+ 34.Kh2 
Qh5+ 35.Kg1 1/2-1/2

[Event "19th EUR-ch"]
[Site "Batumi GEO"]
[Date "2018.03.27"]
[Round "10.121"]
[White "Aliev, Ravan"]
[Black "Uzunoglu, Efe Kerem"]
[Result "1-0"]
[WhiteElo "2330"]
[BlackElo "2060"]
[EventDate "2018.03.17"]
[PlyCount "71"]

1.d4 Nf6 2.c4 g6 3.Nc3 d5 4.cxd5 Nxd5 5.e4 Nxc3 6.bxc3 Bg7 7.Bc4 c5 8.Ne2 
Nc6 9.Be3 O-O 10.Rc1 cxd4 11.cxd4 Qa5+ 12.Kf1 Qa3 13.Rc3 Qd6 14.h4 Rd8 15.
h5 Na5 16.hxg6 hxg6 17.Bd3 Nc6 18.e5 Qb4 19.a3 Qa5 20.Qc2 Bg4 21.f3 Be6 
22.Bxg6 fxg6 23.Qxg6 Nxd4 24.Bxd4 Bf7 25.Qh7+ Kf8 26.Rh4 Rxd4 27.Rxd4 Bxe5
28.Qf5 b6 29.Rc8+ Rxc8 30.Qxc8+ Kg7 31.Rg4+ Kf6 32.Nd4 Bxd4 33.Qh8+ Ke6 
34.Qxd4 Qd5 35.Qe3+ Kf6 36.Qh6+ 1-0

[Event "19th EUR-ch"]
[Site "Batumi GEO"]
[Date "2018.03.27"]
[Round "10.122"]
[White "Atakishiev, Elmar"]
[Black "Pogosyan, Stefan"]
[Result "0-1"]
[WhiteElo "1999"]
[BlackElo "2322"]
[EventDate "2018.03.17"]
[PlyCount "104"]

1.e4 c5 2.Nf3 e6 3.d4 cxd4 4.Nxd4 Nc6 5.Nc3 Qc7 6.f4 Nxd4 7.Qxd4 a6 8.Be3 
b5 9.a3 Bb7 10.Bd3 d6 11.O-O-O Nf6 12.Rhf1 Rc8 13.Kb1 Ng4 14.Bg1 e5 15.
fxe5 dxe5 16.Qa7 Be7 17.Nd5 Bxd5 18.exd5 Qxa7 19.Bxa7 Bd6 20.Bf5 Ra8 21.
Bb6 Nf6 22.g4 h6 23.h4 Ke7 24.g5 hxg5 25.hxg5 Nh5 26.Bg4 Nf4 27.Be3 Rh4 
28.Bf3 Rah8 29.Rh1 Nh3 30.Rde1 f5 31.gxf6+ gxf6 32.Bg2 f5 33.Rhf1 Kf6 34.
Bd2 f4 35.Bxh3 Rxh3 36.Bxf4 exf4 37.Re6+ Kf5 38.Rxd6 Rh1 39.Rxh1 Rxh1+ 40.
Ka2 Rh7 41.Re6 f3 42.Re1 Rd7 43.Rd1 Ke4 44.Kb3 Rxd5 45.Re1+ Kf4 46.a4 f2 
47.Rf1 Ke3 48.c4 bxc4+ 49.Kxc4 Rd4+ 50.Kb3 Ke2 51.Rh1 f1=Q 52.Rxf1 Kxf1 
0-1

[Event "19th EUR-ch"]
[Site "Batumi GEO"]
[Date "2018.03.27"]
[Round "10.123"]
[White "Yeremian, Alen"]
[Black "Gharibian, Mamikon"]
[Result "1/2-1/2"]
[WhiteElo "1961"]
[BlackElo "2312"]
[EventDate "2018.03.17"]
[PlyCount "86"]

1.e4 c5 2.Nf3 Nc6 3.Nc3 e5 4.Bb5 d6 5.a4 Be7 6.Nd5 Nf6 7.Nxe7 Qxe7 8.d3 
O-O 9.Bg5 h6 10.Bh4 Bg4 11.h3 Bh5 12.g4 Bg6 13.Bc4 Rad8 14.Qe2 Rfe8 15.c3 
Nb8 16.Rg1 Nbd7 17.g5 hxg5 18.Bxg5 Bh5 19.Rg3 a6 20.a5 b5 21.Bd5 Rc8 22.c4
Rb8 23.Qd2 Bxf3 24.Rxf3 Qf8 25.Bc6 Rec8 26.cxb5 axb5 27.Bxd7 Nxd7 28.Ke2 
f6 29.Rg1 Kf7 30.Be3 Qe7 31.Rfg3 Rg8 32.Kf1 Nf8 33.Qe2 Ne6 34.Qh5+ Kf8 35.
Bh6 Qf7 36.Bxg7+ Nxg7 37.Qh6 Re8 38.Rg6 Re6 39.a6 d5 40.a7 Qxa7 41.Rxg7 
Qxg7 42.Rxg7 Rxg7 43.exd5 Rd6 1/2-1/2

[Event "19th EUR-ch"]
[Site "Batumi GEO"]
[Date "2018.03.27"]
[Round "10.124"]
[White "Tarun, Kanyamarala"]
[Black "Sandu, Mihaela"]
[Result "0-1"]
[WhiteElo "1920"]
[BlackElo "2289"]
[EventDate "2018.03.17"]
[PlyCount "32"]

1.Nf3 Nf6 2.c4 g6 3.b4 Bg7 4.Bb2 O-O 5.g3 a5 6.b5 c6 7.a4 d5 8.Bg2 Nbd7 9.
cxd5 cxd5 10.d3 Re8 11.O-O e5 12.e3 e4 13.dxe4 dxe4 14.Nfd2 Nc5 15.Bd4 Ne6
16.Bb2 Ng5 0-1

[Event "19th EUR-ch"]
[Site "Batumi GEO"]
[Date "2018.03.27"]
[Round "10.125"]
[White "Sanal, Vahap"]
[Black "Yuksel, Atilla Koksal"]
[Result "1/2-1/2"]
[WhiteElo "2543"]
[BlackElo "2237"]
[EventDate "2018.03.17"]
[PlyCount "35"]

1.c4 b6 2.Nc3 f5 3.e4 fxe4 4.Nxe4 Nf6 5.Bd3 e6 6.Nxf6+ Qxf6 7.Be4 Nc6 8.
Nf3 Bb7 9.O-O O-O-O 10.d4 h6 11.Re1 d5 12.cxd5 exd5 13.Bd3 Kb8 14.Be3 g5 
15.Bb5 g4 16.Ne5 Nxe5 17.dxe5 Qe6 18.Qb3 1/2-1/2

[Event "19th EUR-ch"]
[Site "Batumi GEO"]
[Date "2018.03.27"]
[Round "10.126"]
[White "Abdulla, Khayala"]
[Black "Sousa, Andre Ventura"]
[Result "1/2-1/2"]
[WhiteElo "2248"]
[BlackElo "2417"]
[EventDate "2018.03.17"]
[PlyCount "58"]

1.e4 e5 2.Nf3 Nc6 3.Bb5 Nf6 4.d3 Bc5 5.O-O Nd4 6.Nxd4 Bxd4 7.c3 Bb6 8.Nd2 
c6 9.Ba4 Bc7 10.Nf3 d6 11.Re1 h6 12.d4 O-O 13.h3 Re8 14.dxe5 dxe5 15.Qe2 
Nh5 16.Bb3 Be6 17.Bxe6 Rxe6 18.Ng5 Ng3 19.Qf3 hxg5 20.Qxg3 f6 21.h4 gxh4 
22.Qxh4 Bb6 23.Be3 Rd6 24.Bxb6 axb6 25.Re3 Rd3 26.Qh3 Rxe3 27.Qxe3 b5 28.
Qe2 Qe7 29.a3 Rd8 1/2-1/2

[Event "19th EUR-ch"]
[Site "Batumi GEO"]
[Date "2018.03.27"]
[Round "10.127"]
[White "Simonian, Latush"]
[Black "Hayrapetyan, Artavazd R."]
[Result "1-0"]
[WhiteElo "2111"]
[BlackElo "2370"]
[EventDate "2018.03.17"]
[PlyCount "33"]

1.e4 g6 2.d4 d6 3.Nc3 Bg7 4.f4 c6 5.Nf3 d5 6.e5 h5 7.Be3 Nh6 8.h3 b6 9.g3 
Ba6 10.Bg2 Nd7 11.Nd2 Nf5 12.Bf2 e6 13.Nb3 c5 14.Qd2 Qc7 15.O-O-O O-O-O 
16.g4 cxd4 17.Nxd4 1-0

[Event "19th EUR-ch"]
[Site "Batumi GEO"]
[Date "2018.03.27"]
[Round "10.128"]
[White "Akhvlediani, Irakli"]
[Black "Kubicka, Anna"]
[Result "1-0"]
[WhiteElo "2318"]
[BlackElo "2235"]
[EventDate "2018.03.17"]
[PlyCount "46"]

1.d4 Nf6 2.c4 g6 3.Nc3 Bg7 4.Nf3 d6 5.e4 O-O 6.h3 e5 7.d5 Nh5 8.g3 f5 9.
exf5 gxf5 10.Nh4 Nf6 11.Be2 Na6 12.Bg5 Qe8 13.Qc2 e4 14.O-O-O Nc5 15.Be3 
b6 16.Rdg1 Qe7 17.Ng2 Nfd7 18.Nf4 Ne5 19.Kb1 Ncd3 20.Bxd3 exd3 21.Qb3 a5 
22.g4 Kh8 23.Re1 Nf3 1-0

[Event "19th EUR-ch"]
[Site "Batumi GEO"]
[Date "2018.03.27"]
[Round "10.129"]
[White "Melkonyan, Arshak"]
[Black "Murzin, Volodar"]
[Result "1/2-1/2"]
[WhiteElo "2082"]
[BlackElo "2316"]
[EventDate "2018.03.17"]
[PlyCount "76"]

1.e4 c5 2.Ne2 d6 3.g3 Nc6 4.Bg2 e5 5.O-O g6 6.c3 Bg7 7.Na3 Nge7 8.Nc2 O-O 
9.d4 cxd4 10.cxd4 exd4 11.Nexd4 Nxd4 12.Nxd4 Nc6 13.Nxc6 bxc6 14.Qc2 Be6 
15.Bf4 Rb8 16.Qxc6 Rxb2 17.Rad1 Qa5 18.Qxd6 Rxa2 19.e5 g5 20.Bxg5 Bxe5 21.
Qe7 Qc7 22.Qxc7 Bxc7 23.Bd5 Ra5 24.Bxe6 Rxg5 25.Ba2 Bb6 26.Rfe1 Rc8 27.Re2
Rc7 28.Kg2 Rgc5 29.Rdd2 Kg7 30.h4 h6 31.Rb2 Rc3 32.Bd5 Kf6 33.Rb4 Rd3 34.
Ba2 Rd4 35.Rb3 Kg7 36.Rf3 Rd6 37.Re4 Rd4 38.Re2 Rcd7 1/2-1/2

[Event "19th EUR-ch"]
[Site "Batumi GEO"]
[Date "2018.03.27"]
[Round "10.130"]
[White "Shevelev, Arkady"]
[Black "Babazada, Khazar"]
[Result "0-1"]
[WhiteElo "2309"]
[BlackElo "2230"]
[EventDate "2018.03.17"]
[PlyCount "68"]

1.e4 Nf6 2.e5 Nd5 3.d4 d6 4.c4 Nb6 5.exd6 cxd6 6.Nc3 g6 7.Be3 Bg7 8.Rc1 
O-O 9.b3 Bf5 10.Nf3 d5 11.c5 Nc8 12.Qd2 Nc6 13.Be2 e6 14.h3 N8e7 15.Bh6 
Be4 16.Bxg7 Kxg7 17.Nxe4 dxe4 18.Ng5 Nxd4 19.Nxe4 Nef5 20.O-O Qd5 21.Bd3 
Rad8 22.Rcd1 e5 23.f3 Ne6 24.Qf2 Qd4 25.Bc2 Qb2 26.Bd3 Qd4 27.Bc2 Qb4 28.
Bd3 Rd4 29.Qe1 Qxe1 30.Rdxe1 Rc8 31.g4 Nh4 32.Be2 f5 33.Nd6 Rxc5 34.Nxb7 
Rc2 0-1

[Event "19th EUR-ch"]
[Site "Batumi GEO"]
[Date "2018.03.27"]
[Round "10.131"]
[White "Barseghian, Armen Ar."]
[Black "Mochalin, Faddey"]
[Result "1-0"]
[WhiteElo "2298"]
[BlackElo "2110"]
[EventDate "2018.03.17"]
[PlyCount "59"]

1.d4 d5 2.c4 c6 3.Nf3 Nf6 4.e3 Bf5 5.Nc3 e6 6.Nh4 Be4 7.f3 Bg6 8.Nxg6 hxg6
9.a3 Nbd7 10.f4 Nh5 11.Qg4 Be7 12.Bd3 Qc7 13.Bd2 Ng3 14.Rg1 Rxh2 15.O-O-O 
Nh5 16.cxd5 exd5 17.Kb1 O-O-O 18.Rc1 Nf6 19.Qg3 Rdh8 20.Nb5 Qb8 21.Ba5 a6 
22.Nc7 Nf8 23.Nxa6 bxa6 24.Rxc6+ Kd7 25.Rb6 Qc7 26.Rxa6 Qb8 27.Rb6 Qc7 28.
Bb5+ Kc8 29.Rc6 Ne6 30.Bxc7 1-0

[Event "19th EUR-ch"]
[Site "Batumi GEO"]
[Date "2018.03.27"]
[Round "10.133"]
[White "Nuber, Blasius"]
[Black "Ismayilov, Muhammad"]
[Result "0-1"]
[WhiteElo "2284"]
[BlackElo "2021"]
[EventDate "2018.03.17"]
[PlyCount "78"]

1.e4 e6 2.d4 d5 3.Nd2 c5 4.exd5 exd5 5.Ngf3 Nf6 6.Bb5+ Bd7 7.Qe2+ Be7 8.
dxc5 O-O 9.Nb3 a6 10.Bxd7 Nbxd7 11.Bg5 Nxc5 12.Nxc5 Qa5+ 13.c3 Qxc5 14.O-O
Rfe8 15.Nd4 Bd6 16.Qf3 Ne4 17.Be3 Qc7 18.h3 Bc5 19.Rfd1 Rad8 20.Rd3 Qe5 
21.Bf4 Qf6 22.Be3 Qe5 23.Qf4 Qh5 24.Rad1 Bxd4 25.Bxd4 f6 26.Qc7 b5 27.Qb7 
Rd6 28.Be3 Red8 29.Bb6 Re8 30.f3 Ng5 31.Bf2 Nxh3+ 32.gxh3 Qxh3 33.Qc7 Red8
34.Qe7 f5 35.Bc5 Rg6+ 36.Kf2 Rg2+ 37.Ke3 Qh6+ 38.f4 d4+ 39.Rxd4 Qh3# 0-1